De venerabili, ac divinissimo altaris sacramento sermo

Saved in:  
Bibliographic Details
Main Author: Balduin, von Canterbury, Erzbischof 1125-1190 (Author)
Format: Print Book Microfilm
Language:English
Subito Delivery Service: Order now.
Check availability: HBZ Gateway
WorldCat: WorldCat
Interlibrary Loan:Interlibrary Loan for the Fachinformationsdienste (Specialized Information Services in Germany)
Published: London 1521
In:Year: 1521
Parallel Edition:Non-electronic

MARC

LEADER 00000cam a22000002c 4500
001 1172853762
003 DE-627
005 20240503194409.0
007 hj uuu---uuuuu
008 030122s1521 xx |||||a 00| ||eng c
035 |a (DE-627)1172853762 
035 |a (DE-576)102853762 
035 |a (DE-599)BSZ102853762 
035 |a (OCoLC)314230300 
040 |a DE-627  |b ger  |c DE-627  |e rakwb 
041 |a eng 
084 |a 1  |2 ssgn 
100 0 |0 (DE-588)119268531  |0 (DE-627)080073166  |0 (DE-576)160154782  |4 aut  |a Balduin  |c von Canterbury, Erzbischof  |d 1125-1190 
109 |a Baldwin of Exeter 1125-1190  |a Baudouin de Ford 1125-1190  |a Baldwin Canterbury, Erzbischof 1125-1190  |a Balduin von Ford 1125-1190  |a Baudoin of Canterbury 1125-1190  |a Balduinus Devonius 1125-1190  |a Balduinus de Forda 1125-1190  |a Balduinus Cantuariensis 1125-1190  |a Balduinus Cantuariensis archiepiscopus 1125-1190  |a Baldovino di Ford 1125-1190  |a Baldwin of Canterbury 1125-1190  |a Balduinus, Thomas 1125-1190  |a Balduin von Exeter 1125-1190  |a Baudouin Canterbury, Erzbischof 1125-1190  |a Balduin von Canterbury 1125-1190  |a Thomas Balduinus 1125-1190  |a Balduin von Canterbury, Erzbischof 1125-1190  |a Baudoin de Ford 1125-1190  |a Forda, Balduinus 1125-1190  |a Baldwin of Worcester 1125-1190  |a Balduin Canterbury, Erzbischof 1125-1190  |a Baudouin de Cantorbéry 1125-1190  |a Baldwin de Canterbury 1125-1190  |a Balduinus Archiepiscopus 1125-1190  |a Baldwin of Ford 1125-1190  |a Balduinus Cantuariensis Archiepiscopus 1125-1190  |a Baldwin Archbishop 1125-1190  |a Balduin de Ford 1125-1190  |a Balduinus Fordensis 1125-1190  |a Balduin von Worcester, Bischof 1125-1190 
245 1 0 |a De venerabili, ac divinissimo altaris sacramento sermo  |c Archibishop Baldwin 
264 1 |a London  |c 1521 
336 |a Text  |b txt  |2 rdacontent 
337 |a Mikroform  |b h  |2 rdamedia 
338 |a Mikrofilmrolle  |b hj  |2 rdacarrier 
500 |a Standort in der Lincoln Cathedral Library: Shelf-mark Ji 7.28/7 
533 |a Mikrofilm-Ausg.  |b London  |c World Microfilm Publ.  |d 1976  |e 1 Mikrofilm ; 35 mm  |f Seventeenth century pamphlet collection / Lincoln Cathedral / Library ; Reel 41[,27]  |7 |1976|||||||||| 
583 1 |a Archivierung/Langzeitarchivierung gewährleistet  |f SSG  |x XA-DE-BW  |2 pdager  |5 DE-21 
751 |a London  |0 (DE-588)4074335-4  |0 (DE-627)106089994  |0 (DE-576)209193417  |4 pup 
776 1 |n World Microfilms Publ.  |a Lincoln Cathedral. Library  |t Seventeenth century pamphlet collection ; Reel 41[,27]  |d Lincoln Cathedral Library  |g London  |h 15XX  |w (DE-627)1087411122  |w (DE-576)017411122  |k Non-Electronic 
951 |a BO 
ITA |a 1  |t 1 
LOK |0 000 xxxxxcx a22 zn 4500 
LOK |0 001 242188697X 
LOK |0 003 DE-627 
LOK |0 004 1172853762 
LOK |0 005 20030122000000 
LOK |0 008 030122||||||||||||||||ger||||||| 
LOK |0 040   |a DE-21  |c DE-627  |d DE-21 
LOK |0 852   |a DE-21 
LOK |0 852 1  |c 1 F 1131-41,1/39  |9 00 
LOK |0 935   |a abe3 
LOK |0 939   |a 22-01-03  |b l01 
ORI |a SA-MARC-ixtheoa001.raw